History of the war with America, France, Spain and Holland (Registro nro. 70160)

Detalles MARC
000 -ENCABEZADO
Número de control [NR] 02529nam a2200325Ia 4500
005 - FECHA Y HORA DE LA ÚLTIMA TRANSACCIÓN
control field 20170131140430.0
008 - DE LONGITUD FIJA DE DATOS DE ELEMENTOS - INFORMACIÓN GENERAL
Elementos de longitud fija [NR] 130821s1786 enkb fr eng d
040 ## - FUENTE DE CATALOGACION [NR]
Agencia de catalogación original [NR] Co-BoUCM
Idioma de catalogación [NR] spa
Quien Cataloga Sandra Yazo (modificó)
Quien Clasifica Sandra Yazo (modificó)
041 0# - CODIGO DE IDIOMA [R]
Código de idioma para texto/pista de sonido o título separado [R] Inglés
082 04 - NUMERO DE CLASIFICACION DECIMAL DEWEY [R]
Número de clasificación [R] 909.7
Número de la edición [NR] 20
092 ## - SIGNATURA TOPOGRAFICA LOCAL
Número de clasificación local E05N071
100 1# - ASIENTO PRINCIPAL--NOMBRE PERSONAL [NR]
Nombre personal [NR] Andrews, John
Fechas asociadas con el nombre [NR] 1736-1809
ID Autoridad 83706
242 00 - TRADUCCION DEL TITULO POR LA AGENCIA CATALOGADORA [R]
Título [NR] Historia de la guerra con Estados Unidos, Francia, España y Holanda
Parte restante del título [NR] que comenzó en 1775 y terminó en 1783
Mención de responsabilidad, etc. [NR] por John Andrews
Código de idioma del título traducido [NR] spa
245 10 - MENCION DE TITULO [NR]
Título [NR] History of the war with America, France, Spain and Holland
Parte restante del título [NR] Commencing 1775 and ending in 1783
Mención de responsabilidad, etc. [NR] by John Andrews
260 ## - PUBLICACION, DISTRIBUCION, ETC. (PIE DE IMPRENTA) [R]
Lugar de publicación, distribución, etc. [R] London [Londres] (Inglaterra)
Nombre del editor, distribuidor, etc. [R] Published by His Majestys Royal Licence and Authority for John Fielding [Publicado con licencia y autorización de su majestad real por John Fielding]
Fecha de publicación, distribución, etc. [R] 1786
300 ## - DESCRIPCION FISICA [R]
Extensión [R] 416, [60] páginas
Otros detalles físicos [NR] mapas
Dimensiones [R] 12 x 14 cm.
500 ## - NOTA GENERAL [R]
Nota general [NR] Detalles físicos (V.4): Encuadernación rígida (holandesa) cartón forrado en papel, lomo y esquinas de cuero, rotas y deterioradas. Conserva las guardas parcialmente, rotas y rayadas. Portada impresa en una sola tinta con un grabado decorativo, al verso rayada y desprendida. Texto impreso en una sola columna con varios tipos y tamaños de letra. 3 mapas a color en hoja plegables, pág. 113, 217 y 415. Signaturas y reclamos. Hojas con bordes irregulares. Varios tipos de papeles. Páginas 111, 165 y 167 rotas, 181 con restauraciones anteriores. Papel con notoria humedad y manchas de oxidación de tintas. Ejemplar en regular estado de conservación
500 ## - NOTA GENERAL [R]
Nota general [NR] Colección incompleta
505 2# - NOTA DE CONTENIDO CON FORMATO PREESTABLECIDO [R]
Nota de contenido con formato preestablecido [NR] V.4 Capítulo 52 – 81: Neutralidad armada - Comportamiento de Holanda ; Triunfo del Almirante Rodney, 1780 ; Independencia de los Estados Unidos reconocido por Holanda ; Transacciones en América ; Buques perdidos en el mar, 1782 ; Guerra tardía ; Debates parlamentarios sobre el tratado de paz, 1782-1783
506 ## - NOTA DE RESTRICCIONES DE ACCESO [R]
Condiciones de acceso [NR] Consulta en sala
546 ## - NOTA DE IDIOMA [R]
Nota de idioma [NR] Texto en inglés
650 #7 - ASIENTO SECUNDARIO DE MATERIA - TERMINO TEMATICO [R]
Término temático o nombre geográfico como elemento de entrada [NR] Guerra
Subdivisión general [R] Obras anteriores a 1800
Subdivisión cronológica [R] 1775-1783
9 (RLIN) 370
Subdivisión geográfica [R] Europa
-- America
651 #4 - ASIENTO SECUNDARIO DE MATERIA - NOMBRE GEOGRAFICO [R]
Nombre geográfico [NR] Estados Unidos
Subdivisión general [R] Historia
Subdivisión cronológica [R] 1775-1783
Subdivisión general [R] Obras anteriores a 1800
9 (RLIN) 7595
651 #4 - ASIENTO SECUNDARIO DE MATERIA - NOMBRE GEOGRAFICO [R]
Nombre geográfico [NR] Francia
Subdivisión general [R] Historia
-- Obras anteriores a 1800
9 (RLIN) 26969
651 #4 - ASIENTO SECUNDARIO DE MATERIA - NOMBRE GEOGRAFICO [R]
Nombre geográfico [NR] Holanda
Subdivisión general [R] Historia
-- Obras anteriores a 1800
9 (RLIN) 27006
651 #7 - ASIENTO SECUNDARIO DE MATERIA - NOMBRE GEOGRAFICO [R]
Nombre geográfico [NR] Gran Bretaña
Subdivisión general [R] Obras anteriores a 1800
9 (RLIN) 26626
Subdivisión cronológica [R] 1775-1783
690 ## - ASUNTO AGREGADO LOCAL DE ENTRADA - TÉRMINO TEMÁTICO (OCLC, RLIN)
Acceso temático local Historia
9 (RLIN) 7695
856 41 - LOCALIZACION Y ACCESO ELECTRONICOS [R]
Identificador Uniforme del Recurso (“URI”) [R] <a href="https://archive.org/details/historywarwitha02andrgoog">https://archive.org/details/historywarwitha02andrgoog</a>
Nota dirigida al público [R] Disponible en línea V.4
942 ## - ELEMENTOS DE ENTRADA AGREGADOS (KOHA)
Tipo de ítem principal el descrito en 300a Libro
Tema principal 21
Edición 1
Sistema de clasificación LOCAL
Clasificación E05N071
Existencias
Suprimido Perdido Sistema de clasificación Dañado No prestable Tipo de ítem específico Ubicación habitual Ubicación actual Localización Fecha de creación Forma de adquisición Costo Volúmen / Fascículo Total préstamos Signatura topográfica Código de barras Última vez visto Ejemplar Price effective from Tipo de ítem
    LOCAL     Libro archivo Archivo Histórico Archivo Histórico Archivo histórico 28/02/2013 Donación 0.00 V.4   E05N071 L000876 15/12/2012 Ej.1 03/02/2013 Libro